=LDR 00000nam 2200000 4500 =001 INLIS000000000019334 =005 20130612114416 =008 ***********************************Ind** =035 ##$$0010-061300000019334 =041 ##$$a Ind =082 ##$$a 005.369 =090 ##$$a 005.369, Das d =245 ##$$a Dasar teknis instalasi jaringan komputer =260 ##$$a 2004 $b Yogyakarta =300 ##$$a viii, 168 hlm, ilus, 2004 =650 ##$$a Jaringan Komputer =850 ##$$a NBPNMAT